Electricidad y electrónica /

Guardado en:
Autor Principal: Rela, Agustín
Formato: Libro
Publicado: Buenos Aires : Instituto Nacional de Educación Tecnológica, 2010
Series:Las ciencias naturales y la matemática / Juan Manuel Kirschenbaum
Materias:
Etiquetas: Agregar Etiqueta
Sin Etiquetas, Sea el primero en etiquetar este registro!
LEADER 00781nam a22002535a 4500
001 CEM.cems013589
005 20111005173553.0
008 130507s2010##################000#0#####d
003 CEMS
020 |a 9789500007511 
082 0 4 |a 537 
100 1 |a Rela, Agustín 
245 1 0 |a Electricidad y electrónica /  |c Agustín Rela 
260 |a Buenos Aires :  |b Instituto Nacional de Educación Tecnológica,  |c 2010 
300 |a 285 p. 
490 0 |a Las ciencias naturales y la matemática / Juan Manuel Kirschenbaum 
653 |a Física 
653 |a Electricidad 
653 |a Electrónica 
653 |a Medio ambiente 
653 |a Inducción electromagnética 
653 |a Tomografía 
653 |a Resonancia magnética 
859 |a CEMS  |b BIB. CEMS - 11 de abril  |h 537  |i R27  |p 26219.11  |t Ej.1